Complete the Titles of Songs by Elvis Presley (1960s) - Statistics

General Stats
  • This quiz has been taken 142 times
  • The average score is 12 of 15
Answer Stats
Answer % Correct
Can’t Help Falling In {Love}
100%
It’s Now Or {Never}
98%
Suspicious {Minds}
98%
Are You Lonesome {Tonight}
95%
Stuck On {You}
94%
(You’re The) Devil In {Disguise}
93%
Return To {Sender}
91%
A Little Less {Conversation}
83%
In The {Ghetto}
77%
If I Can {Dream}
73%
Crying In The {Chapel}
66%
Bossy Nova {Baby}
62%
Kissin’ {Cousins}
58%
Good Luck {Charm}
45%
I Feel So {Bad}
41%
No matching quizzes found
Score Distribution
Percent of People with Each Score
Percentile by Number Answered
Your Score History
You have not taken this quiz